000 00744nam a22002057a 4500
999 _c10768
_d10768
003 AR-CdUCM
008 190401b ||||| |||| 00| 0 spa d
040 _aMUNICIPALIDAD PROVINCIAL DEL CUSCO
_cBIBLIOTECA MUNICIPAL DEL CUSCO
082 _a802.08 /
_bSA16 / 1933.
100 _aSaint Victor, Paul de
_927785
245 _aLas dos caratulas IV aristofanes /
260 _aBuenos Aires :
_bEL ombu,
_c1933.
300 _a156 paginas ;
_c19 cm.
505 _aContenido : Racine -- Molíere -- Dancourt- Reynard - Lesage -- Crebillon - Marivaux - Pirón -- Allainval - Favart - Didoret.
650 _aOrigen de la comedia
_927786
650 _aComedia Griega
_927787
650 _aTeatro Frances
_92444
942 _2ddc
_cLIBROS
945 _awnts